| 000 | 01177nab a22002537a 4500 | ||
|---|---|---|---|
| 007 | c| || |||an | ||
| 008 | 240522e20240521xxk||||o |||| 00| 0 eng d | ||
| 041 | _aeng | ||
| 100 | _aMoore, Irene | ||
| 110 |
_94900 _aRoyal Institution of Chartered Surveyors |
||
| 245 |
_aWhy party wall surveyors must remain impartial _c[electronic resource] |
||
| 260 |
_bRoyal Institution of Chartered Surveyors, _c21 May 2024 |
||
| 490 |
_aRICS Built Environment Journal, _v21 May 2024 |
||
| 520 | _aA surveyor does not represent the interests of a particular party. They may advocate for that party at a tribunal, but they are otherwise wholly detached and only interested in a fair determination of the dispute. Explores the theme including the 2018 decision in Welter v McKeeve, | ||
| 650 | _aDISPUTE RESOLUTION | ||
| 650 | _aNEIGHBOUR DISPUTES | ||
| 650 | _aPARTY WALLS | ||
| 650 | _aPARTY WALL ETC. ACT 1996 | ||
| 650 | _aWELTER v MCKEEVE | ||
| 651 | _aUnited Kingdom | ||
| 690 |
_aParty walls _96258 |
||
| 700 | _aMoore, Irene | ||
| 856 |
_uhttps://ww3.rics.org/uk/en/journals/built-environment-journal/party-wall-surveyors-impartiality.html _zAvailable from RICS journals |
||
| 999 |
_c121935 _d121935 |
||